000 00328nam a2200133Ia 4500
005 20251222141856.0
008 251222s9999||||xx |||||||||||||| ||spa||
020 _a9786124546778
082 _a353/U61
245 0 _aClásicos San Marquinos Antonio Raimondi
250 _a1ra.ed.
264 _bFondo Editorial UNMSM
942 _cLIB
999 _c7904
_d7904